000 00695nam a22002057a 4500
005 20100727161044.0
010 _aENG-97141
020 _a8190812858
_c100.00
020 _a9788190812856
_c100.00
035 _aEN-80674
037 _bDBAD/PUB
082 _a612
100 _aJagadeesan, K.
_92877
245 _aText book of physiology /
_cby K. Jagadessan
260 _aKaveripattinam
_bBharati and Bharati Publicatins
_c2009
270 _a21 (15) 2nd Cross street
_bKaveripattnam
_e635112
300 _av.1 (94p.);
_bill.
_c21cm (pbk)
942 _2ddc
_cEN
_h612
_mJAG
999 _c37984
_d37984